Ordenamiento territorial y desarrollo

Gorde:
Xehetasun bibliografikoak
Egile nagusia: Pujol Mesalles, Rosendo
Formatua: Liburua
Hizkuntza:Spanish
Argitaratua: [San José, Costa Rica]: ProDUS-Universidad de Costa Rica [1996]
Etiketak: Etiketa erantsi
Etiketarik gabe, Izan zaitez lehena erregistro honi etiketa jartzen!

MARC

LEADER 00000nam a2200000Ia 4500
003 MV0121
005 20221231144010.0
008 140114s cr a 000 ||spa d
040 |c cru CEDI 
090 |a MV 121 
100 |a Pujol Mesalles, Rosendo  |9 18047 
245 |a Ordenamiento territorial y desarrollo   |c  Programa de Investigación en Desarrollo Urbano Sostenible (ProDUS) de la Universidad de Costa Rica 
260 |a  [San José, Costa Rica]: ProDUS-Universidad de Costa Rica  |c [1996] 
300 |a 11 páginas 
942 |c MX 
999 |c 15404  |d 15404